| 000 | 01667nam a22004217a 4500 | ||
|---|---|---|---|
| 003 | CHAP | ||
| 005 | 20220329143759.0 | ||
| 008 | 110811s2011 mx r 00010 spa d | ||
| 010 | _a101796 | ||
| 011 | _a102768 | ||
| 035 | _a113457 | ||
| 040 | _cCHAP | ||
| 090 | _aTesis | ||
| 100 | 1 |
_aBarreto Nila, Israel _910450 |
|
| 245 | 1 | 0 |
_aEvaluación del efecto de retenedóres de agua en el establecimiento y crecimiento inicial de Juniperus flaccida schlechtendal en Ixcateopán, Gro. _h[En línea] _c/por Israel Barreto Nila |
| 260 |
_aChapingo, Méx. : _bEl autor, _c2011 |
||
| 500 | _aPara ver el contenido del material haga clic en la liga | ||
| 502 | _aTesis (Ing. en Restauración Forestal) -- UACH. División de Ciencias Forestales | ||
| 590 |
_aALEPH _b10 _c20130110 _lUCH01 _h1541 |
||
| 590 |
_aBATCH-UPD _b10 _c20130110 _lUCH01 _h1439 |
||
| 590 |
_aBATCH-UPD _b10 _c20130410 _lUCH01 _h0912 |
||
| 590 |
_aBATCH-UPD _b10 _c20130914 _lUCH01 _h0541 |
||
| 590 |
_aBATCH-UPD _b10 _c20140324 _lUCH01 _h1527 |
||
| 590 |
_aBATCH-UPD _b10 _c20141002 _lUCH01 _h0850 |
||
| 590 |
_aBATCH _b00 _c20181121 _lUCH01 _h0758 |
||
| 590 |
_aCONVERSION _b10 _c20130109 _lUCH01 _h1356 |
||
| 650 | 0 | 4 |
_aPlantas y jardines miniatura. _989096 |
| 650 | 1 | 4 |
_aAgua para irrigacion. _92430 |
| 650 | 1 | 4 |
_aÁrboles _xGuerrero. _96607 |
| 650 | 1 | 4 |
_aBonsai. _913751 |
| 650 | 1 | 4 |
_aJuniperus. _962358 |
| 856 |
_3Finding aid _uhttp://10.13.5.2/tesis/113457.pdf _zTeclea Aqui |
||
| 856 |
_a1 _n0000782 |
||
| 901 | _aBK | ||
| 942 | _cFOLL | ||
| 949 |
_aTesis _bBC _cTES _d33724002300199 _eTS1 _gDonaciØn _h52584 _i113457 _st |
||
| 949 |
_aTesis _bBC _cTES _d33724002300231 _eTS2 _fc.2 _gDonaciØn _h52585 _i113457 _st |
||
| 999 |
_c101796 _d101796 |
||